00374 2200157 4500001002100000005001500021008004100036035001900077041000600096090001400102100001700116245002400133260001900157300001800176650002200194INLIS00000000000631720241224113252241224||||||||| | ||| |||| ||  0010-1224006317 a0 a819 DJU n0 asopudin S.Pd00aNungarulik pangarti aSukabumic2004 a71hlm:21,1 cm 0angarulik pangarti